000 00848nam a2200253 i 4500
001 189193
003 SpMaBN
005 20240104134617.0
008 190423s2006 sp |||| | spa d
020 _a84-7490-792-6
080 _a130.2"19"
100 1 _aFinkielkraut, Alain.
_950910
245 1 0 _aNosotros, los modernos
_b: cuatro lecciones /
_cAlain Finkielkraut ; prólogo de Jon Juaristi ; [traducción, Miguel Montes].
260 _aMadrid :
_bEncuentro,
_c[2006]
300 _a311 p. ;
_c23 cm.
490 1 _aEnsayos ;
_v282
504 _aReferencias bibliográficas.
650 _aCivilización-
_xFilosofía.
_911081
700 1 _aJuaristi, Jon,
_d1951-
_967169
830 0 _aEnsayos ;
_v282
_9176633
852 _aES-MaACL
_jA-14482
_9 196331
_bR.152589
_cDEPO1
_dOlim: N-7482
942 _2udc
999 _c189193
_d189193